Energy Engineering and Management (Record no. 3721)

MARC details
000 -LEADER
fixed length control field 00407nam a22001697a 4500
005 - DATE AND TIME OF LATEST TRANSACTION
control field 20160623162752.0
008 - FIXED-LENGTH DATA ELEMENTS--GENERAL INFORMATION
fixed length control field 160623b xxu||||| |||| 00| 0 eng d
020 ## - INTERNATIONAL STANDARD BOOK NUMBER
ISBN 978-81-203-4233-0
041 ## - LANGUAGE CODE
Language code of text/sound track or separate title eng
082 ## - DEWEY DECIMAL CLASSIFICATION NUMBER
Item number 9435
100 ## - MAIN ENTRY--AUTHOR NAME
Personal name Chakrabarti, Amlan
245 ## - TITLE STATEMENT
Title Energy Engineering and Management
260 ## - PUBLICATION, DISTRIBUTION, ETC. (IMPRINT)
Name of publisher PHI
Year of publication 2011
300 ## - PHYSICAL DESCRIPTION
Number of Pages 246
650 ## - SUBJECT ADDED ENTRY--TOPICAL TERM
Topical Term Diploma Engineering
942 ## - ADDED ENTRY ELEMENTS (KOHA)
Koha item type Books
Holdings
Lost status Damaged status Home library Current library Shelving location Date acquired Cost, normal purchase price Full call number Accession Number Koha item type Collection code
    JRU Library   SHELF-36-B 23/06/2016 250.00 9435 9435 Books  
    JRU Library   SHELF-36-B 23/06/2016 250.00 9435 9436 Books  
    JRU Library   SHELF -72- F 23/06/2016 250.00 9435 9437 Books Reference
    JRU Library   SHELF-36-B 23/06/2016 250.00 9435 9438 Books  
    JRU Library   SHELF-36-B 23/06/2016 250.00 9435 9439 Books